| 000 | 00524nam a22001817a 4500 | ||
|---|---|---|---|
| 003 | CEME | ||
| 005 | 20210628204200.0 | ||
| 008 | 210113b xxu||||| |||| 00| 0 eng d | ||
| 020 | _a9780070648142 | ||
| 040 | _cceme | ||
| 082 | _a621 ALC | ||
| 100 |
_aAlciatore, David G , Histand, Michael B _969169 |
||
| 245 | _aIntroduction to mechatronics and measurement systems | ||
| 260 |
_aNEW DELHI _bTATA MCGRAW HILL _c2007 |
||
| 300 | _aXXI, 509P | ||
| 650 |
_aMECHATRONICS AND MEASUREMENT .SYSTEMS _969170 |
||
| 942 |
_cBK _2ddc |
||
| 999 |
_c576551 _d576551 |
||